01419njm a2200265Ia 450000100060000000300090000600500170001500800410003204000130007304000130008604100120009910000160011110000180012710000380014524500640018325000110024726000120025826000570027030000100032750000170033750506120035465000460096670000820101270000590109473415IT-RoPAU20220918181143.0131025s9999 xx 000 0 und d aIT-RoPAU cIT-RoPAU aPOLACCO aPorter John eAutore musica gCodice autore musica SPICS: 25112 aBallady Leonarda Cohena Spiewa Maciej-Zembaty-Lp Kpsj 001/2 a1a ed. aPOLONIA bPOLJAZZc1983 [1a Ed.:1983 - Ed. Lingua Orig.: 1983] aDISCO aMusica jazz. aPtak Na Drucie (Uccello su un filo) - Opowiadanie Izaaka (Il racconto di Isaia) - Kim Jestem, Ty Wiesz (Chi sono lo sai tu) - Dzis W Nocy Bedzie Fajnie (Stanotte sarà€ bella) - Nauczyciele (Insegnanti) - Wydaje Sie Tak Dawno, Nancy (Sembra così€ lontano, Nancy) - Kto W Plomieniach? - Lover Lover - Siostry Milosierdzia (Le suore di misericordia) - Wspomienia (Ricordo) - Diamendty W Kopalny (I diamanti in miniera) - Malenka, Nie Wolno Sie Zegnac W Ten Sposob - Slynny, Niebieski Prochowiec (Famoso impermeabile blu) - Zuzanna - Czy To Jest To Czego Chcialas? - Jedno Z Nas Nie Moze Sie Mylic - Partyzant aJAZZ [DISCHI]eCodice MATERIA SPICS: 9950 aCohen LeonardeAutore testo e musicagCodice autore testo/musica SPICS: 11296 aZembaty M.gCodice interprete SPICS: 25187eInterprete